Viaje a través de las Antillas. Versión española por Francisco Payarols /

Guardado en:
Autor Principal: Fermor, Patrick Leigh.
Formato: Libro
Idioma:Spanish
Publicado: Buenos Airres : Labor, 1967.
Etiquetas: Agregar Etiqueta
Sin Etiquetas, Sea el primero en etiquetar este registro!
LEADER 00485nam a22001455a 4500
001 EUN.um048921
003 AR-BaUNS
005 20050623122916.0
008 041125s1967####ag#a##########000#0#spa#d
245 1 0 |a Viaje a través de las Antillas. Versión española por Francisco Payarols /  |c Patrick Leigh Fermor. 
260 |a Buenos Airres :  |b Labor,  |c 1967. 
300 |a 470 p. :  |b ilus. 
100 1 |a Fermor, Patrick Leigh. 
082 0 4 |a 910.4 
859 |a Ar-BaUNS  |b BIB. CENTRAL - Sector C  |h 910.4  |i F389  |p 50423/968